Building abstract bulletin.

Saved in:
Bibliographic Details
Corporate Author: Australia. Dept. of Works. Building Research Liaison Service
Format: Journal
Language:English
Published: Melbourne : Building Research Liaison Service.
Subjects:
LEADER 00975nas a2200265 a 4500
001 c000166162
003 CARM
005 19890412000000.0
008 770311d19631968vraqr p 0 a0eng d
019 1 |a 926000  |5 LACONCORD2021 
035 |a (OCoLC)213297887  |5 LACONCORD2021 
040 |a NUN:U  |b eng  |c NUN:U  |d NUN:U 
042 |a anuc 
082 0 4 |a 690  |2 19 
245 0 0 |a Building abstract bulletin. 
260 |a Melbourne :  |b Building Research Liaison Service. 
300 |a v. 
362 0 |a No. 1 (July 1963)- no. 27 (Dec. 1968) 
650 0 |a Building  |x Bibliography  |x Periodicals. 
710 1 |a Australia.  |b Dept. of Works.  |b Building Research Liaison Service. 
852 8 |b CARM  |h A1:AK27D0  |i E01283  |p 0215433  |f SE 
866 0 |a 1(1963)-27(1968) 
866 |a 1(1963)-27(1968) 
999 f f |i 0a790a52-8769-59c0-9982-1aa40e6560e6  |s 5b3a93f1-9432-5191-bcdc-ab9663730542 
952 f f |p Can circulate  |a CAVAL  |b CAVAL  |c CAVAL  |d CARM 1 Store  |e E01283  |f A1:AK27D0  |h Other scheme  |i book  |k 1(1963)-27(1968)  |m 0215433